[Event "USA-ch"]
[Site "Saint Louis"]
[Date "2015.04.08"]
[Round "7"]
[White "Kamsky, Gata"]
[Black "Holt, Conrad"]
[Result "1-0"]
[WhiteElo "2683"]
[BlackElo "2530"]
[PlyCount "109"]
[EventDate "2015.04.01"]
[EventType "tourn"]
[EventRounds "11"]
[EventCountry "USA"]
[EventCategory "16"]
[SourceTitle "CBM 166"]
[Source "ChessBase"]
[SourceDate "2015.05.11"]
[SourceVersion "1"]
[SourceVersionDate "2015.05.11"]
[SourceQuality "1"]

1. Nf3 d5 2. g3 Nf6 3. Bg2 c6 4. d3 Bg4 5. Nbd2 e6 6. h3 Bh5 7. g4 ({RR} 7. c3 Nbd7 8. Qc2 Be7 9. b3 Bg6 10. Bb2 a5 11. a4 Qc7 12. Nh4 e5 13. Nxg6 hxg6 14. e4 dxe4 15. dxe4 Nc5 16. Nc4 Rd8 17. O-O Nd3 18. Rad1 Nxb2 19. Qxb2 O-O 20. Kh1 Bc5 21. f4 exf4 {Belenkaya,D (2164)-Jaskolka,T (2241) chess.com INT 2024 0-1 (45)}) 7... Bg6 8. Nh4 Be7 9. e3 Qc7 $146 ({RR} 9... O-O 10. Nxg6 fxg6 11. g5 Ne8 12. h4 Nd7 13. Qg4 Nc7 14. Nf3 Qe8 15. Bd2 Bd6 16. O-O-O e5 17. h5 Qe6 18. Qh4 gxh5 19. Qxh5 Qg6 20. Qh3 Rf7 21. e4 Nf8 22. Nh4 Qe6 23. Nf5 Bc5 24. g6 {Nakamura,H (2786)-Moen,A (2377) Eilat 2012 1-0 (41)}) ({RR} 9... Nfd7 10. Nxg6 hxg6 11. Nf3 Na6 12. O-O e5 13. b3 O-O 14. Bb2 Bd6 15. c4 Nc7 16. Rc1 Qe7 17. Nd2 Ba3 18. Bxa3 Qxa3 19. cxd5 Nxd5 20. d4 N5b6 21. Ne4 Rad8 22. Rc2 Qe7 23. dxe5 Nxe5 24. Rd2 {Ehlvest,J (2600)-Thorhallsson,T (2426) Reykjavik 2010 1-0 (86)}) 10. Qe2 Nfd7 11. Ndf3 Ne5 12. Nxe5 Bxh4 13. Nxg6 hxg6 14. Bd2 Nd7 15. O-O-O O-O-O 16. Kb1 Rhe8 17. Rc1 Nc5 18. f4 e5 19. g5 f5 20. gxf6 Bxf6 21. fxe5 Qxe5 22. Qg4+ Ne6 23. c3 Qf5 24. Qxf5 gxf5 25. h4 g6 26. h5 gxh5 27. Rxh5 Ng7 28. Rh7 Rh8 29. Rch1 Rxh7 30. Rxh7 Kd7 31. Kc2 Ke7 32. e4 dxe4 33. dxe4 fxe4 34. Bxe4 Kf7 35. a4 Kg8 36. Rh1 Ne6 37. Be3 a6 38. Bd3 Nc7 39. Bb6 Rd7 40. Bf5 Re7 41. Bc8 Kg7 42. a5 Nd5 43. Bc5 Rc7 44. Bf5 Be5 45. Kd3 Nf6 46. Re1 Nd7 47. Bf2 Bd6 48. Bd4+ Kf7 49. Kc4 Nf8 50. Bg4 Re7 51. Bh5+ Kg8 52. Rg1+ Kh7 53. Bg4 Kg6 54. Bc8+ Kh5 55. Rg7 1-0

[Event "Titled Tuesday intern op 7th April"]
[Site "Chess.com INT"]
[Date "2015.04.07"]
[Round "9"]
[White "Meier, Georg"]
[Black "Fridman, Daniel"]
[Result "1-0"]
[WhiteElo "2653"]
[BlackElo "2650"]
[PlyCount "183"]
[EventDate "2015.04.07"]
[EventType "swiss (blitz)"]
[EventRounds "9"]
[EventCountry "USA"]
[SourceTitle "EXT 2021"]
[Source "ChessBase"]
[SourceDate "2020.10.23"]
[SourceVersion "1"]
[SourceVersionDate "2020.10.23"]
[SourceQuality "1"]

1. Nf3 d5 2. g3 g6 3. Bg2 Bg7 4. d4 c5 5. c3 cxd4 ({RR} 5... Nd7 6. O-O e6 7. Bg5 Ne7 8. Nbd2 h6 9. Bxe7 Qxe7 10. e4 dxe4 11. Nxe4 O-O 12. Re1 Rd8 13. Qb3 cxd4 14. Nxd4 Nf6 15. Rad1 Nxe4 16. Bxe4 e5 17. Nf3 Be6 18. Bd5 e4 19. Rxe4 Rxd5 20. Rxd5 {Georgiadis,N (2547)-Mkrtchyan,M (2071) chess.com INT 2024 1-0 (31)}) ({RR} 5... Nc6 6. dxc5 e5 7. b4 Nge7 8. O-O e4 9. Nd4 Nxd4 10. cxd4 Nc6 11. Be3 Nxb4 12. Nc3 O-O 13. Qb3 Nc6 14. Rfd1 Ne7 15. Bg5 f6 16. Bf4 Kh8 17. Bd6 b6 18. Nxd5 Nxd5 19. Qxd5 Ba6 20. Bxe4 {Meier,G (2623)-Ermolaev,E (2277) Chess.com INT 2019 1-0 (50)}) 6. cxd4 Nc6 7. O-O Nh6 8. Nc3 $146 ({RR} 8. Bxh6 Bxh6 9. Nc3 O-O 10. Qb3 e6 11. Rfd1 b6 12. Ne5 Bb7 13. Nxc6 Bxc6 14. e3 Qd7 15. Bf1 Rfb8 16. a4 Bf8 17. Rdc1 a6 18. Be2 Be7 19. Qc2 Rc8 20. Qb3 Rcb8 21. Qc2 Rc8 22. Qb3 {½-½ (22) Pingitzer,H (2269)-Lipka,J (2412) Austria 2014}) 8... Nf5 9. e3 e6 10. b3 O-O 11. Qe2 b6 12. Rd1 Bb7 13. Ba3 Re8 14. Rac1 h5 15. h3 Rc8 16. Qd2 Nd6 17. Qe2 Qd7 18. Ne1 Nf5 19. Nf3 Nd6 20. Bf1 Red8 21. Rc2 Ne4 22. Rdc1 Nd6 23. Qe1 Bf8 24. Be2 Bg7 25. Bf1 Bf8 26. Qd1 Bg7 27. Qe1 Bf6 28. Qd1 Kg7 29. Bg2 Ba6 30. Bf1 Bxf1 31. Qxf1 Be7 32. Kg2 Nf5 33. Bxe7 Nfxe7 34. a3 Na5 35. Nd2 Nf5 36. Qa6 Nd6 37. a4 Nc6 38. Na2 Nb8 39. Qd3 Nc6 40. Qa6 Rc7 41. Qe2 Rdc8 42. Qd1 Nb7 43. Rc3 Nd6 44. R1c2 Ne8 45. Qc1 Qd6 46. Qb2 Na5 47. b4 Nc4 48. Nxc4 Rxc4 49. Rxc4 Rxc4 50. Rxc4 dxc4 51. Nc3 Nc7 52. b5 Nd5 53. e4 Qb4 54. Qxb4 Nxb4 55. Kf3 Nc2 56. d5 Kf6 57. dxe6 fxe6 58. Ke2 Ke5 59. Kd2 Nb4 60. Ke3 Nc2+ 61. Kd2 Nb4 62. f3 Kd4 63. Ne2+ Kc5 64. Nf4 e5 65. Ne2 Na2 66. Nc3 Nb4 67. h4 Nd3 68. Ke3 Nb2 69. Kd2 Kb4 70. f4 exf4 71. gxf4 Nd3 72. f5 gxf5 73. exf5 Ne5 74. f6 Kc5 75. Ne4+ Kd5 76. Ng5 Kd6 77. Kc3 Kd7 78. Kd4 Kd6 79. f7 Ng6 80. Kxc4 Ke7 81. Kd5 Nxh4 82. Kc6 Ng6 83. Kb7 Kf6 84. Nh3 Kxf7 85. Kxa7 Ke7 86. Kxb6 Ne5 87. Kc7 Nd3 88. a5 Nb4 89. a6 Nd5+ 90. Kb7 Kd6 91. a7 Nc7 92. b6 1-0

[Event "Gashimov Memorial 2nd"]
[Site "Shamkir"]
[Date "2015.04.21"]
[Round "5"]
[White "Carlsen, Magnus"]
[Black "Vachier Lagrave, Maxime"]
[Result "1-0"]
[WhiteElo "2863"]
[BlackElo "2765"]
[Annotator "Gormally,Daniel"]
[PlyCount "107"]
[EventDate "2015.04.17"]
[EventType "tourn"]
[EventRounds "9"]
[EventCountry "AZE"]
[EventCategory "21"]
[SourceTitle "CBM 166"]
[Source "ChessBase"]
[SourceDate "2015.05.11"]
[SourceVersion "1"]
[SourceVersionDate "2015.05.11"]
[SourceQuality "1"]

1. Nf3 Nf6 2. g3 b5 3. Bg2 Bb7 4. Na3 a6 ({I'm not entirely sure what's wrong with} 4... b4 5. Nc4 Nc6 {perhaps} ({Or} 5... a5 {when Black will gain a tempo on the knight with ...d5 later}) 6. Nd4 d5 7. Nxc6 Bxc6 8. Na5 {gives White some kind of strategic edge.}) 5. c4 b4 6. Nc2 e6 ({Black can also play the immediate} 6... c5 {which should at least avoid the strategic grip that Black suffers in the game.} 7. O-O e6 8. d4 cxd4 9. Ncxd4 Be7 10. b3 O-O 11. Bb2 d6 12. Qd2 Qb6 13. a3 $1 bxa3 14. Bxa3 {Efimenko,Z (2648)-Moiseenko,A (2707) Dubai 2014, and White was better. I always think these lines where Black has already set the pawn structure on the queenside are better for White, because Black seems to have less dynamism in his position.}) 7. d4 a5 ({Strangely enough there have already been many games played from this position. This came as a surprise to me and shows in a way how bad my theory is as I've never even seen this line before.} 7... c5 8. d5 $1 {A typical thrust in the Queen's Indian} exd5 9. Nh4 g6 10. Ne3 Bg7 11. Nxd5 Nxd5 12. Bxd5 Nc6 13. Ng2 O-O 14. Nf4 {Lenderman,A (2561)-Abdumalik,Z (2344) Caleta 2014, when White had a strategic advantage.}) (7... Be4 {might be the most solid approach.} 8. O-O Be7 9. Bg5 a5 10. Ne5 Bxg2 11. Kxg2 O-O 12. Qd3 d6 13. Qf3 Ra7 14. Nd3 {Vaganian,R (2568)-Stark,L (2432) Germany 2010 also gave some advantage for White. Looking through these games and also the results, you wonder if the whole line is just bad for Black.}) 8. O-O Be7 ({This was Black's last chance for the limiting} 8... Be4 {perhaps in view of what happened in the game, he should have taken it}) 9. d5 $1 {Now I think White is clearly better as it's not easy for Black to create anything in the centre.} ({RR} 9. b3 O-O 10. a3 bxa3 11. Bxa3 Be4 12. Ne5 Bxg2 13. Kxg2 Bxa3 14. Rxa3 d6 15. Nd3 Nc6 16. e3 Nb4 17. Kg1 c5 18. f3 Nxc2 19. Qxc2 cxd4 20. exd4 e5 21. d5 e4 22. fxe4 Nxe4 23. Kg2 Re8 {Collins,A (2189)-Crowley,J (2122) Dublin IRL 2024 0-1 (72)}) 9... Na6 (9... exd5 10. Nfd4 c6 11. cxd5 Nxd5 12. Nf5 {looks like a very pleasant version of a pawn sacrifice line that often occurs in the Queen's Indian} O-O 13. e4 $36) 10. Nfd4 Nc5 11. Re1 $146 ({RR} 11. dxe6 fxe6 12. Bxb7 Nxb7 13. Bf4 O-O 14. Nb5 Ne8 15. e4 Nc5 16. Qe2 c6 17. Nbd4 Nd6 18. Rad1 Rxf4 19. gxf4 Ncxe4 20. Nf3 Qe8 21. Ne5 Nf6 22. Ne3 Nf7 23. Kh1 Bc5 24. Rg1 Qe7 25. Qd3 Rf8 {Neiksans,A (2559)-Kulaots,K (2563) Wroclaw 2014 1-0 (39)}) ({RR} 11. Nb3 Nxb3 12. axb3 exd5 13. Ne3 O-O 14. Nxd5 Nxd5 15. Bxd5 Bxd5 16. Qxd5 c6 17. Qd3 Bf6 18. Rd1 Qe7 19. Bf4 Rfe8 20. Rd2 h6 21. Bd6 Qe6 22. Kg2 Rec8 23. e4 Re8 24. f3 Bg5 25. f4 Be7 {Sepp,O (2431)-Kulaots,K (2570) Puhajarve 2015 1-0 (65)}) 11... O-O 12. e4 e5 13. Nf5 $16 {Already White has a clear strategic advantage. The black bishop on b7 bites on granite while by contrast White is very well placed to build up a quick attack on the kingside. The "Kasparov" knight on f5 in particular casts a spell on the position. I think what we now see in this game and also other games in Shamkir is why Carlsen could now be called "The Pitbull" What he demonstrated in this tournament and has been doing for a number of years is that when he gains an advantage it's incredibly hard to shake his grip, rather like a pitbull. It was quite scary to see in this game that Maxime lost without making an easily identifiable mistake. Perhaps he just played a slightly dubious opening. But that's enough. Kramnik make a slight tactical error against Magnus in their game just out of the opening and that was enough to ensure a loss. It's a quite frightening level. Watching the world snooker championships this year, I watched a frame where Chinese player Ding played a slightly poor break-off shot against Judd Trump and never got another shot, as Trump potted a long red and then cleared all the balls without any effort. I think it's fair to say it's similar in chess now, that one slight mistake can be enough to cost you the game, or at least to make life very difficult.} d6 14. Bg5 $1 {Straightforward and effective. White "freezes" the knight on f6.} (14. Qf3 Nfd7 $1) 14... Nxd5 $6 {Allowing White a tactical possibility.} ({I would have played} 14... h6 {because it's a reaction move to g5, and I like reaction moves. I tend to follow just what my opponent does.} 15. Bh4 $5 (15. Bxh6 $2 gxh6 16. Qd2 Bc8 $1) (15. Be3 $5 {can be met by} Bc8 $1 (15... Nfxe4 $2 16. Bxe4 Nxe4 17. Qg4 Ng5 18. h4 h5 19. Nxe7+ $18) 16. Qf3 $2 Ncxe4) (15. Bd2 $5 Nd3 $1 16. Bxh6 Nxe1 17. Bxg7 Bc8 (17... Nxc2 $1 18. Qxc2 Bc8 $19) 18. Nce3 Nxg2 19. Kxg2 {although this is hard to believe after} Re8) 15... Kh7 16. f4 Ng8 17. Nxe7 Nxe7 18. Ne3 {I must confess also doesn't look a barrel of laughs for Black, but it might be hard to crack his position after} f6) 15. Bh6 $1 {Magnus rarely misses a chance like this. I think it was Anish Giri who half-jokingly suggested at Wijk Aan Zee that Magnus was just a trickster.  Still it's easy to underestimate with all these top guys just how good they are at little tactical tricks and trapping their opponents.} gxh6 16. Qg4+ Bg5 17. cxd5 Kh8 18. h4 Bf6 {Black is a pawn up, but that's the end of the good news. His pawn structure is a mess, his king remains unsafe in the long term while White enjoys a strategic strangehold on the light squares on the kingside.} 19. Nce3 Bc8 20. Qf3 Bg7 21. Bh3 Rg8 22. Bg4 Qf6 23. Bh5 Bxf5 {Not a move you would ever want to play, but White had the threat of g4.} 24. Nxf5 c6 25. dxc6 Rac8 26. Qd1 $1 Rxc6 27. Qd5 Rgc8 28. Rad1 Bf8 29. Qxf7 (29. Bxf7 $1 {was also strong - Black's position is in general something of a disaster and perhaps White could have finished him off much sooner- but if you were Magnus Carlsen wouldn't you be tempted to go into an ending?} Na4 30. Rd2 Rc2 31. Ree2 $16) 29... Qxf7 30. Bxf7 Na4 31. Re2 Rc1 32. Rxc1 Rxc1+ 33. Kg2 Nc5 34. b3 Rc3 35. Kh3 Nd7 36. Be6 Nc5 37. Bd5 Nd7 38. Ne3 Nf6 39. Be6 Rc5 40. Nc4 Kg7 {This is a gruesome ending to defend for Black, obviously. Carlsen already has a more than formidable reputation as one of the best endgame players in history, and even equal positions are extremely hard to hold against him, but a position like this where Black is effectively dominated is really bad news.} 41. f3 Ne8 42. Rd2 Nc7 43. Bg4 a4 44. Nxd6 Bxd6 45. Rxd6 a3 46. Bd7 $1 {I doubt I would even see this move, which dominates the knight on c7 (which is probably why I'm not 2870.)} ({I would have just carried on with} 46. Rd7+ Kf6 (46... Kg8 47. f4 $1 {and I don't see a decent move for Black, maybe he can punt} Nb5 48. Be6+ Kf8 49. f5 Rc6 {but} 50. Rf7+ Ke8 51. Rxh7 {looks decisive}) 47. Rxh7 {presumably Magnus was concerned about possible counterplay for Black if he is ever to capture the white a-pawn.} Rc2 48. Rxh6+ Ke7 49. Rb6 Rxa2 50. Rxb4 {seems to be winning but Black retains some hopes while the a-pawn remains alive.}) 46... Rc2 47. Bc6 ({Certainly not the hasty} 47. Rc6 $2 Rxc6 48. Bxc6 Ne6 49. Bd5 Nd4 $1 {which could get embarrassing.}) 47... Rxa2 ({Perhaps the last hope was} 47... Na6 {keeping as much material on the board as possible.} {however the accurate} 48. Bd5 $1 {wins easily;} Nc5 ({The desperate} 48... Nc7 {seems to fail;} 49. Bc4 ({The immediate} 49. Rd7+ Kf6 50. Bc4 {is also good enough} Rxc4 51. bxc4 b3 52. axb3 (52. Rxc7 $4 bxa2) 52... a2 53. Rd1 Na6 54. Ra1 Nb4 55. Kg4 $18) 49... Ne8 50. Rd7+ Kf6 51. Rf7+ Kg6 52. h5+ $1 Kxh5 53. Rf5+ Kg6 54. Bf7+ Kg7 55. Bxe8 Rxa2 56. Rf7+ Kg8 57. Rb7 $18) 49. Rc6 {should also soon force resignation.}) 48. Rd7+ Kf6 49. Rxc7 Rc2 50. Rxh7 Kg6 51. Rc7 Kf6 52. h5 Rc1 (52... a2 53. Ra7 Rxc6 54. Rxa2 Rc3 (54... Kg5 55. Ra5 $1) 55. Kg4 Rxb3 56. Ra6+ Kg7 57. Rb6 {is a fairly trivial win.}) 53. Rh7 a2 54. Bd5 1-0

[Event "Gashimov Memorial 2nd"]
[Site "Shamkir"]
[Date "2015.04.25"]
[Round "8"]
[White "Kramnik, Vladimir"]
[Black "Vachier Lagrave, Maxime"]
[Result "1-0"]
[WhiteElo "2783"]
[BlackElo "2765"]
[Annotator "Prathamesh,Sunil Mokal"]
[PlyCount "75"]
[EventDate "2015.04.17"]
[EventType "tourn"]
[EventRounds "9"]
[EventCountry "AZE"]
[EventCategory "21"]
[SourceTitle "CBM 166"]
[Source "ChessBase"]
[SourceDate "2015.05.11"]
[SourceVersion "1"]
[SourceVersionDate "2015.05.11"]
[SourceQuality "1"]

{Kramnik comes back after three losses in a row.} 1. Nf3 Nf6 2. g3 d5 3. Bg2 c6 4. O-O Bg4 5. d3 Nbd7 6. h3 Bh5 7. Qe1 e5 8. e4 dxe4 9. dxe4 Bc5 10. a4 O-O 11. Nh4 {Technically a novelty but similar moves have been played before by different move orders.} ({One such game saw} 11. Na3 Re8 12. Nc4 Qc7 13. Nh4 Rad8 14. Bg5 (14. b4 $5) 14... Bf8 15. Kh1 Nc5 16. Bxf6 gxf6 17. Nf5 Ne6 18. c3 Rd3 19. f3 Red8 20. Qe2 Bg6 21. Nfe3 h5 22. h4 Bh6 {½-½ Goldin,A (2549)-Gerzhoy,L (2469)/Nassau 2012/EXT 2014 (42). Black's active pieces compensated for the structural defects.}) 11... Re8 ({RR} 11... a5 12. Nd2 Qc7 13. Kh1 Rfe8 14. Nb3 Bb4 15. Bd2 Bxd2 16. Qxd2 Red8 17. Qc3 Bg6 18. Nxg6 hxg6 19. Rfd1 b6 20. Bf3 Nf8 21. Kg2 Ne6 22. h4 g5 23. hxg5 Rxd1 24. Rxd1 Nxg5 25. Qe3 Nxf3 26. Qxf3 {Giri,A (2784)-So,W (2775) Doha 2015 ½-½ (62)}) ({RR} 11... a5 12. Nd2 Re8 13. Nc4 Bf8 14. Bg5 Qc7 15. f3 Re6 16. Bd2 b6 17. Kh1 Nc5 18. Bc3 Nfd7 19. f4 exf4 20. gxf4 f6 21. e5 fxe5 22. fxe5 Rae8 23. Qf2 Kh8 24. Nd6 Bxd6 25. exd6 Rxd6 26. Qg3 {Stefanova,A (2416)-Rogule,L (2248) Budapest HUN 2024 1-0 (43)}) 12. Na3 Nf8 (12... a5 $5 13. Nc4 Qc7 {Now one method of development would be} 14. Bd2 b6 15. Bc3 $14 {with a slight pull.}) 13. b4 $146 ({RR} 13. Nc4 Ne6 14. c3 Qc7 15. b4 Bf8 16. f4 exf4 17. gxf4 b5 18. Na5 Rad8 19. Be3 Rd3 20. f5 Nc5 21. bxc5 Qxa5 22. Bd4 b4 23. cxb4 Qd8 24. Bf2 g5 25. fxg6 hxg6 26. e5 Nd7 27. Qb1 Nxe5 {Bivol,A (2386)-Jumabayev,R (2654) Chess.com INT 2020 0-1 (44)}) ({RR} 13. Nc4 Ne6 14. c3 Qc7 15. b4 Bf8 16. f4 exf4 17. gxf4 b5 18. Na5 Rad8 19. Be3 Rd3 20. f5 Nc5 21. bxc5 Qxa5 22. Bd4 b4 23. cxb4 Qd8 24. Bf2 g5 25. fxg6 hxg6 26. e5 Nd7 27. Qb1 Nxe5 {Bivol,A (2386)-Jumabayev,R (2654) Chess.com INT 2020 0-1 (44)}) 13... Be7 14. Nf5 Ne6 15. Nxe7+ $5 Qxe7 16. Be3 {} Bg6 {Black could have delayed this move and continued improving the s and s.} (16... Red8 $142 17. c3 (17. g4 Bg6 {is fine for Black.}) 17... c5 18. b5 Rac8 19. f3 (19. Nc4 Nd4 $1 $132) 19... Ne8 20. Nc4 f6 21. Rf2 (21. f4 exf4 22. gxf4 Nd4 $1 $132) 21... Nd6 22. Nxd6 Rxd6 {With good chances of equalising.}) 17. f3 {Supporting the e4-pawn and at the same time making life difficult for the Black  on g6. Now Black is in a strategic dilemma. He needs to remove the  from f6 and then move the f7-pawn, in order to get the  on g6 into play via f7. But where to? Each move has its own drawback.} Nd7 {[%csl Rd7][%cal Rd8d6] This gets in the way of the  that wants to be on d8. So Black has problems with the d6-square.} (17... Nh5 {[%csl Rh5] keeps the  on the rim, and as we have heard quite often, it is actually dim.} 18. c3 f6 19. Kh2 Red8 20. Qe2 Bf7 21. a5 $14) (17... Red8 {[%cal Ge6d4,Gf6e8] d4} 18. c3 Ne8 19. Nc4 f6 20. f4 $14 {[%csl Re8] and now the  on e8 is passive on the last rank.}) 18. Nc4 f5 $6 {This freeing move has a tactical flaw, which Kramnik spots quite easily.} (18... f6 19. Rd1 Red8 (19... Bf7 20. Nd6 $16) 20. Rf2 $14 {[%cal Gf2d2]}) 19. Rd1 f4 (19... Nd4 20. Bxd4 exd4 21. Rxd4 $16 {is just a pawn up.}) (19... fxe4 20. fxe4 $16 {[%cal Gc4d6]}) 20. Rxd7 $1 Qxd7 21. Nxe5 Qc7 22. gxf4 Nxf4 $6 (22... c5 $142 23. bxc5 (23. f5 $5 Qxe5 24. f4 Qf6 25. fxg6 hxg6 26. bxc5 $16) 23... Nxc5 24. Qc3 Rac8 25. Rb1 {[%csl Rb7]} Re7 (25... Nxa4 26. Qb3+ $18) (25... Bf7 26. Qxc5 Qxc5 27. Bxc5 Rxc5 28. Rxb7 $16) 26. a5 Bf7 27. Bf1 $16 {White is better but Black has more fighting chances than in the game.}) 23. Bxf4 Rxe5 {[%cal Gc7b6,Gb6g1]} 24. Qe3 Rd8 $2 {Giving up a second pawn brings no respite.} (24... a5 $142 25. bxa5 Raxa5 26. Qd4 $16) 25. Qxa7 Qe7 26. Bxe5 Qxe5 27. Qe3 {Kramnik refuses to take the third pawn. Of course two extra pawns are easily enough for him to win, but the cautious approach can be attributed to some obvious psychological reasons. After three losses in a row, it is not easy to have complete faith in one's nerves.} ({Objectively though it is hard to find a serious reason to refuse the offer.} 27. Qxb7 Rd2 (27... Rb8 28. Qxc6 Rxb4 29. f4 $18) (27... Bf7 28. Qb6 Rd2 (28... Rb8 29. Qc5 Qxc5+ 30. bxc5 $18) 29. f4 Qe7 30. Rf2 $18) 28. Qc8+ Kf7 29. Kh1 {With Black's  being unable to join the attack White does not seem to have anything to worry about.} Rxc2 30. b5 Qd4 (30... Qg3 31. Rg1 $18) (30... Bh5 31. b6 $18) 31. Qc7+ Kf8 32. b6 $18) 27... Qb2 28. Qc5 h6 29. b5 cxb5 30. Qb6 Rd2 $2 (30... Qd4+ $142 31. Qxd4 Rxd4 32. axb5 Rb4 $16 {Black would win back one pawn and at least provide some resistance.}) 31. Qxg6 bxa4 32. h4 Qd4+ (32... a3 33. Bh3 a2 34. Qe8+ Kh7 35. Bf5+ $18) 33. Kh1 Qd8 34. Bh3 Qxh4 35. Qe6+ Kh8 36. Rg1 {[%csl Rg7][%cal Ge6e8,Ge8g6,Gg6g7] e8-g6-g7#} g5 37. Qc8+ Kg7 38. Rb1 (38. Rb1 Qg3 39. Rxb7+ Kg6 40. Qe8+ Kf6 41. Qe6#) 1-0

[Event "RUS-ch U18"]
[Site "Loo"]
[Date "2015.04.24"]
[Round "4"]
[White "Bukavshin, Ivan"]
[Black "Eliseev, Urii"]
[Result "1-0"]
[WhiteElo "2618"]
[BlackElo "2514"]
[PlyCount "81"]
[EventDate "2015.04.21"]
[EventType "tourn"]
[EventRounds "9"]
[EventCountry "RUS"]
[EventCategory "10"]
[SourceTitle "CBM 166 Extra"]
[Source "ChessBase"]
[SourceDate "2015.06.18"]
[SourceVersion "1"]
[SourceVersionDate "2015.06.18"]
[SourceQuality "1"]

1. Nf3 Nf6 2. g3 g6 3. b3 Bg7 4. Bb2 O-O 5. Bg2 d5 6. c4 c5 7. O-O Nc6 8. cxd5 Nxd5 9. Bxg7 Kxg7 10. Qc1 Qd6 11. Nc3 Nxc3 12. dxc3 $146 ({RR} 12. Qxc3+ f6 13. Rac1 b6 14. Rfd1 Bg4 15. d4 Rad8 16. Kf1 e5 17. dxc5 Qxd1+ 18. Rxd1 Rxd1+ 19. Ne1 Nd4 20. f3 Rc8 21. b4 Bd7 22. Kf2 Bb5 23. Bf1 Rd8 24. Nd3 Bxd3 25. exd3 bxc5 26. Qxc5 Rd7 {Lokvenc,J-Turiansky,M Vienna 1947 1-0 (35)}) ({RR} 12. Qxc3+ Kg8 13. Rac1 b6 14. d4 Nxd4 15. Nxd4 cxd4 16. Qc7 Rb8 17. Qxd6 exd6 18. Rfd1 Re8 19. Bf3 Ba6 20. Rc7 Bxe2 21. Bxe2 Rxe2 22. Rxa7 Re4 23. Rd7 Ra8 24. Rd2 Re1+ 25. Kg2 Ra1 26. Rxd4 R1xa2 {Timman,J (2590)-Van Wely,L (2585) Amsterdam 1995 1-0 (52)}) ({RR} 12. Qxc3+ e5 13. Rac1 Nd4 14. Nxd4 cxd4 15. Qc7 Rd8 16. f4 exf4 17. Rxf4 Be6 18. Qxd6 Rxd6 19. Bxb7 Rb8 20. Rc7 a5 21. Be4 a4 22. bxa4 Rb2 23. Rc2 Rb4 24. Rc6 Rd8 25. a5 Ra4 26. a6 Rxa2 {Szikszai,B (2296)-Lizak,P (2398) Ajka HUN 2024 1-0 (87)}) ({RR} 12. Qxc3+ f6 13. Rac1 a5 14. Qxc5 Qxc5 15. Rxc5 a4 16. d4 Rd8 17. e3 Nb4 18. a3 Na6 19. Rc3 Ra7 20. b4 Bd7 21. d5 Raa8 22. e4 Rdc8 23. Re3 Kf8 24. Rd1 Rc2 25. Nd4 Rb2 26. Re2 Rxe2 {Danielsson,G-Palme,R Bad Gastein 1948 1-0 (55)}) 12... Rd8 13. Ng5 Bf5 14. e4 Bg4 15. f3 Bd7 16. f4 f6 17. e5 Qc7 18. Ne4 b6 19. exf6+ exf6 20. f5 Bxf5 21. Nxf6 Rd6 22. Nh5+ Kh8 23. Qf4 Rad8 24. Rae1 Qf7 25. Qg5 Rg8 26. Nf4 Qf6 27. Nxg6+ Rxg6 28. Qxf5 Qxf5 29. Rxf5 Rge6 30. Rxe6 Rxe6 31. Bd5 Rd6 32. Kf2 Kg7 33. Ke3 a6 34. Ke4 Kg6 35. Rf7 Nb8 36. Rc7 Nd7 37. c4 Kg5 38. h4+ Kf6 39. a4 a5 40. g4 h6 41. Kf4 1-0